Normal view
MARC view
Entry Personal Name
001 - CONTROL NUMBER
- control field: 26940
003 - CONTROL NUMBER IDENTIFIER
- control field: ARRUPE
005 - DATE AND TIME OF LATEST TRANSACTION
- control field: 20161025090139.0
008 - FIXED-LENGTH DATA ELEMENTS
- fixed length control field: 161025|| aca||aabn | a|a d
040 ## - CATALOGING SOURCE
- Original cataloging agency: ARRUPE
- Transcribing agency: ARRUPE
100 ## - HEADING--PERSONAL NAME
- Personal name: Bertin, Léon,
- Dates associated with a name: 1896-1956.
670 ## - SOURCE DATA FOUND
- Source citation: Work cat.: (ARRUPE)0: Bertin, Léon, 1896-1956., Larousse encyclopedia of the earth., 1961.